Antología
Na minha lista:
| Main Authors: | , |
|---|---|
| Formato: | Livro |
| Idioma: | espanhol |
| Publicado em: |
Santiago
Tiempo Nuevo
1994
|
| Assuntos: | |
| Tags: |
Adicionar Tag
Sem tags, seja o primeiro a adicionar uma tag!
|
MARC
| LEADER | 00000nam a2200000 a 4500 | ||
|---|---|---|---|
| 001 | UCZ2468 | ||
| 003 | CL-VaPUC | ||
| 008 | 951005e19940000CL |||||||||||||||||spa|d | ||
| 082 | 0 | 4 | |a Ch861 |b BAI |2 21 |
| 100 | 0 | |a Baier Stevenson, Carlos Eduardo |e author |9 346222 | |
| 700 | 0 | |a Basso Benelli, Cristían |e author |9 346223 | |
| 245 | 1 | 0 | |a Antología |
| 246 | 1 | 0 | |a 22 voces de la novísima poesía chilena |
| 300 | |a 99 p | ||
| 942 | |c BK | ||
| 945 | |d 19951005 00:00:00 |a rbrito | ||
| 260 | |a Santiago |b Tiempo Nuevo |c 1994 | ||
| 650 | 0 | |a Poesías chilenas |9 265280 | |
| 583 | |a last modification |c 20190725 10:15:45 |k Rodrigo Vera | ||
| 999 | |c 239063 |d 239061 | ||
| 952 | |0 0 |1 0 |4 0 |6 CH_861_000000000000000_BAI_1994 |7 0 |8 A |9 249852 |a BIBEDU |b BIBEDU |d 2019-11-18 |i 3140407 |o Ch861 BAI 1994 |p 3140407 |r 2019-11-18 |w 2019-11-18 |y BK |k LIT | ||